000 00706nam a22002057a 4500
999 _c11849
_d11849
003 AR-CdUCM
008 190405b ||||| |||| 00| 0 spa d
040 _aMUNICIPALIDAD PROVINCIAL DEL CUSCO
_cBIBLIOTECA MUNICIPAL DEL CUSCO
082 _25ed.
_aES / 373.500 /
_bN25
100 _aNarrea, Manuel
_928462
245 _aCiencias Naturales 2 /
260 _aLima :
_bEscuela Nueva S. A.
300 _a232 páginas ;
_bIlustraciones, mapas
_c20cm
500 _aEducación secundaria 2do
505 _aContenido: La materia -- Las funciones de los seres vivos -- Salud y enfermedad
650 _aNaturaleza
_94241
650 _aSeres vivos
_919244
942 _2ddc
_cLIBROS
945 _anom
_d2019-04-05